Регионална библиотека "Любен Каравелов" - Русе

Новият немски правопис (Запис номер 106931)

MARC детайли
000 -Лидер
Контролно поле с фиксирана дължина 01571nam a2200373 c 4500
003 - Код на организацията, давaща контролен номер
Контролно поле BLK
005 - Дата и час на последна редакция
Контролно поле 20180422105742.0
008 - Елементи от данни с фиксирана дължина
fixed length control field 180409b bul|||||r ||||||| ||bul||
010 ## - Наследен системен номер
LC control number KNG00112203000
020 ## - Международен стандартен номер на книга ISBN
Международен стандартен номер на книга ISBN 3-12-501029-2
-- издат.: Klett
040 ## - Източник на каталожния запис
Идентификатор на билиотеката - собственик на записа BLK
041 ## - Код за език
Код за езика на текст/звукозапис или на отделно заглавие Немски
Код за езика КДБФ Немски
080 ## - УДК
Текстов определител УДК Немски език (високонемски, стандартен писмен)
УДК код - определител по УДК 811.112.2
УДК определител -14(038.1)(075.4)
УДК - код + определител 811.112.2-14(038.1)(075.4)
100 1# - Редна дума - Автор
Автор Хелер, Клаус
Авторска отговорност първи автор
R(LIN) 373953
139 ## - Редно поле
Редна дума Хелер, Клаус
Авторски знак Хел - Х 40
245 10 - Сведения за заглавието
Заглавие Новият немски правопис
Подзаглавни данни Актуална реформа : Списък на думи с променен правопис
Редно поле (дума) Клаус Хелер; прев. Димитър Денков.
257 ## - Страна на издаване
Страна на създаване/издаване Германия
260 ## - Област на издателските данни
-- София
Име на издателя, разпространителя и проч. РААБЕ България
-- Klett
Година на издаване 2001
Печатница София : Балкан прес АД
300 ## - Физическа характеристика
Страници 80 с.
Размери/Мащаб 21 см
380 ## - Жанр
Жанр Езикознание. Филология
490 1# - СЕРИИ (Колекции)
Име на серия PONS)(Да научим сами
500 ## - Общи забележки
Забележка Прев. по Rechtschreibung 2000. - Авт. не е отбелязан на кор. - Офс. изд.
650 #4 - Допълнително описание по предмет – тема
Основно описание – тема или топоним Немски език - правопис
9 (RLIN) 263876
653 ## - Ключова дума – ненормативна
Ключова дума немски език
653 ## - Ключова дума – ненормативна
Ключова дума правопис
653 ## - Ключова дума – ненормативна
Ключова дума речници
653 ## - Ключова дума – ненормативна
Ключова дума учебници за самообразование
700 1# - Други автори (авторска отговорност)
Лично име Денков, Димитър
Автороска отговорност (Описва отношението между автора и произведението) прев.
9 (RLIN) 365160
852 ## - Местоположение
Форматна сигнатура Цб 218903
856 4# - Електронен адрес и достъп
Електронен формат pdf - файл
Път до файла /url/
856 4# - Електронен адрес и достъп
Електронен формат pdf - файл
Път до файла /url/
942 ## - АРТИКУЛИ
Вид на библиотечния материал Книги
Скрит в OPAC Не
944 ## - СЪЗДАВАНЕ И РЕДАКЦИЯ на ЗАПИСА
Създаване/Редакция Създаване
Дата на регистрацията/редакция 08.04.2004
Служител, извършил регистрацията/редакцията Людмила_Стоянова
944 ## - СЪЗДАВАНЕ И РЕДАКЦИЯ на ЗАПИСА
Създаване/Редакция Редакция
Дата на регистрацията/редакция 06.04.2011
Служител, извършил регистрацията/редакцията
999 ## - СИСТЕМНИ КОНТРОЛНИ НОМЕРА
Koha biblionumber 106931
Koha biblioitemnumber 106931
Наличности
Код за отписване Код за изгубен артикул Код за повреда Коз за рестрикции Код за отдаване Артикулен № Име на библиотеката - собственик Име на библиотеката, в която се намира в момента Статус (Текущо местоположение) Дата на вписване в системата Местоположение - отдел Цена в лева Инвентарен номер Систематично азбучна сигнатура Баркод Номер на екземпляра Цена в евро Служебна бележка Служебен тип на артикула
  Не е изгубен Не е повреден без рестрикции заемане за дома 172662 Регионална библиотека "Любен Каравелов" Русе Регионална библиотека "Любен Каравелов" Русе ЧЧЗО - англ. ез. - Британски съвет 2004-04-08 ЧЧЗО - англ. ез. - Британски съвет 5.90 120000684406 Ч3 803.0-1/Х 40 120000684406 1 3.02 Дост: DA Вид: А N: 11 Дата: 08.04.2004 Дата инв: 19.03.2015 Бележки инв: Ч32015 Книги
  Не е изгубен Не е повреден без рестрикции ползва се в читалня 172663 Регионална библиотека "Любен Каравелов" Русе Регионална библиотека "Любен Каравелов" Русе Хранилище 2007-02-21 Хранилище 5.90 120000710012 Цб 218903 120000710012 2 3.02 Дост: Dp Вид: Д N: 17 Дата: 05.04.2006 Книги
Vip Innovations Ltd, Rousse, Bulgaria 2025